000 00349pam a2200133 a 4500
020 _c
041 _aeng
082 _a547.01
_bNES
100 _aNesmeyonov, A.N & Nesmeyanov, N. A .
245 _aFundamentals of Organic Chemistry Vol - 1
_hTextual Documents
260 _aMoscow:
_bM I R Publishers,
_c1978.
300 _a484p.
930 _a16961
999 _c93861
_d93861